000 00413nab a2200145Ia 4500
003 ES-SlBCS
005 20210601125011.0
008 140529s2004 xxu||||| |||| 00| 0 eng d
041 _aeng
100 1 _aMarkosian, Ned
_9152473
245 0 0 _aSimples, Stuff, and Simple People
_c Ned Markosian
650 0 4 _aPersonas
_9101155
773 0 _tMonist, the
_gvol. 87, nº. 3, 2004, págs. 405-428
_wRev1667
942 _cAR
999 _c523081
_d523081